GENITICS (Record no. 296114)
[ view plain ]
| 000 -LEADER | |
|---|---|
| fixed length control field | 003720000a22001570004500 |
| 082 ## - DEWEY DECIMAL CLASSIFICATION NUMBER | |
| Classification number | 575.1 GUP/GE |
| 100 ## - MAIN ENTRY--PERSONAL NAME | |
| Personal name | GUPTA, P K |
| Date of a work | Author |
| 245 ## - TITLE STATEMENT | |
| Title | GENITICS |
| 260 ## - PUBLICATION, DISTRIBUTION, ETC. (IMPRINT) | |
| Place of publication, distribution, etc. | MEERUT, RASTOGI PUBLICATIONS |
| 260 ## - PUBLICATION, DISTRIBUTION, ETC. (IMPRINT) | |
| Date of publication, distribution, etc. | 2006 |
| 300 ## - PHYSICAL DESCRIPTION | |
| Extent | pages 611 |
| 650 ## - SUBJECT ADDED ENTRY--TOPICAL TERM | |
| Topical term or geographic name as entry element | LETHALITY |
| 650 ## - SUBJECT ADDED ENTRY--TOPICAL TERM | |
| Topical term or geographic name as entry element | PHISICAL BASIS OF HERIDITY |
| 650 ## - SUBJECT ADDED ENTRY--TOPICAL TERM | |
| Topical term or geographic name as entry element | REGULATION OF GENE EXPRESSION |
| 942 ## - ADDED ENTRY ELEMENTS (KOHA) | |
| Koha item type | Books (General) |
| Withdrawn status | Lost status | Damaged status | Not for loan | Home library | Current library | Date acquired | Total Checkouts | Full call number | Barcode | Date last seen | Date checked out | Price effective from | Koha item type | Source of classification or shelving scheme | Total Renewals |
|---|---|---|---|---|---|---|---|---|---|---|---|---|---|---|---|
| College of Agriculture, Padannakkad | College of Agriculture, Padannakkad | 24/07/2013 | 2 | 575.1 GUP/GE | KAU_COAP-03128 | 16/03/2019 | 13/03/2019 | 24/07/2013 | Books (General) | ||||||
| College of Agriculture, Padannakkad | College of Agriculture, Padannakkad | 17/09/2018 | 2 | 575.1 GUP/GE | KAU_COAP-03718 | 03/12/2019 | 30/11/2019 | 17/09/2018 | Books (General) | Dewey Decimal Classification | 1 | ||||
| College of Agriculture, Padannakkad | College of Agriculture, Padannakkad | 17/09/2018 | 2 | 575.1 GUP/GE | KAU_COAP-03719 | 25/01/2020 | 24/01/2020 | 17/09/2018 | Books (General) | Dewey Decimal Classification | |||||
| College of Agriculture, Padannakkad | College of Agriculture, Padannakkad | 17/09/2018 | 3 | 575.1 GUP/GE | KAU_COAP-03720 | 19/03/2024 | 01/03/2024 | 17/09/2018 | Books (General) | Dewey Decimal Classification | |||||
| College of Agriculture, Padannakkad | College of Agriculture, Padannakkad | 17/09/2018 | 1 | 575.1 GUP/GE | KAU_COAP-03721 | 19/03/2019 | 08/02/2019 | 17/09/2018 | Books (General) | Dewey Decimal Classification |
